000 01747nam a2200361 a 4500
001 000016775
005 20260417112310.0
008 100310s2002 dr ad r 000 0 spa d
020 _a999348704X
040 _aDO-SdBNP
_bspa
_cBNPHU
082 _a362.7
_bD536p
245 0 0 _aDiagnóstico participativo :
_bperfil de los adolescentes de la ciudad de Santiago de los Caballeros 1998-2000 /
_cLiliam de Brens... [et al.] ; presentación Agripino Nuñez Collado.
260 _aSantiago de los Caballeros, República Dominicana :
_bPontificia Universidad Católica Madre y Maestra,
_c2002.
300 _a173 p. :
_bil., tablas ;
_c23 cm.
504 _aIncluye referencias bibliográficas y notas al pie de páginas.
504 _aBibliografía : p. 171-173.
590 _aInventariado, 2018/BT
650 0 _aPsicología del adolescente
_99034
650 4 _aTrabajo social con adolescentes
_937166
650 4 _aJóvenes
_xConsumode drogas
_937167
650 4 _aTrabajo social con jóvenes
_933718
651 0 _aSantiago de los Caballeros (Republica Dominicana)
_98269
700 1 2 _aBrens, Liliam de
_937168
700 1 2 _aBrens, Víctor
_937169
700 1 2 _aZouain, José Joaquín
_937170
700 1 2 _aMejía, Maritza
_937171
700 1 2 _aTorres, Ynmaculada
_937172
700 1 2 _aAntúnez Lojas, María T
_937173
700 1 _aNúñez Collado, Agripino
_d1933-2022
_epresent.
_98457
710 2 _aPontificia Universidad Católica Madre y Maestra (PUCMM).
_bCentro de Investigación y Formación para la Prevención Integral
_937174
710 2 _aFederación Internacionales de Universidades Católicas (FIUC).
_bPrograma Formación en Investigación para la Intervención Comunitaria
_937175
910 _aValidado. Control de calidad. EMS
999 _c16307
_d16307